| 000 | 00572cam a2200217 4500 | ||
|---|---|---|---|
| 001 | 1709839 | ||
| 005 | 20180306074522.0 | ||
| 008 | 711220t19711972nyua b 001 0 eng | ||
| 010 | _a 70158149 | ||
| 020 | _a0030810035 | ||
| 040 |
_aDLC _cDLC _dDLC |
||
| 041 | _aeng | ||
| 080 | _a808.0666021 ULM | ||
| 082 | 0 | 0 | _a808.0666021 ULM |
| 100 | 1 | _a25 | |
| 101 | _aEDU | ||
| 245 | 1 | 0 |
_aTechnical reporting _c[by] Joseph N. Ulman, Jr. [and] Jay R. Gould. |
| 504 | _aBibliography: p. 405-408. | ||
| 906 |
_a7 _bcbc _corignew _d2 _encip _f19 _gy-gencatlg |
||
| 942 |
_2ddc _cBK |
||
| 999 |
_c44186 _d44186 |
||